| 000 | 00429nam a2200181Ia 4500 | ||
|---|---|---|---|
| 003 | SISC | ||
| 005 | 20190128094431.0 | ||
| 008 | 190115s9999 xx 000 0 und d | ||
| 020 | _a9786071505934 | ||
| 100 | _aLoveday, Peter | ||
| 245 |
_cPeter Loveday _aTakeaway english 3: _baudio cd 1/ |
||
| 260 |
_aNY: _bMcGraw Hill _c2012 |
||
| 300 | _a2 CD | ||
| 500 | _aCD | ||
| 650 | _aFilm | ||
| 942 |
_2lcc _cAVM |
||
| 999 |
_c360356 _d360356 |
||